Riadenie rizík v oblasti bezpečnosti a ochrany zdravia pri práci

Súčasná legislatíva v oblasti bezpečnosti a ochrany zdravia pri práci podľa odborného odhadu pokrýva cca 75 % pracovných rizík a opatrení na zníženie ich vplyvu. Ďalšie riziká z pracovného procesu a z pracovného prostredia musia vyhľadávať, resp. zisťovať a stanoviť k nim opatrenia zamestnávatelia v...

Ausführliche Beschreibung

Gespeichert in:
Bibliographische Detailangaben
1. Verfasser: Farárik, Pavol
Format: Buchkapitel
Sprache:Slowakisch
Schlagworte:
Tags: Tag hinzufügen
Keine Tags, Fügen Sie das erste Tag hinzu!

MARC

LEADER 00000naa a2200000 4500
001 0312475
005 20250926113043.8
041 0 |a slo 
044 |a SK 
245 1 0 |a Riadenie rizík v oblasti bezpečnosti a ochrany zdravia pri práci  |c Pavol Farárik 
520 |a Súčasná legislatíva v oblasti bezpečnosti a ochrany zdravia pri práci podľa odborného odhadu pokrýva cca 75 % pracovných rizík a opatrení na zníženie ich vplyvu. Ďalšie riziká z pracovného procesu a z pracovného prostredia musia vyhľadávať, resp. zisťovať a stanoviť k nim opatrenia zamestnávatelia v rámci zaisťovania BOZP pre zamestnancov. Zaoberanie sa riadením bezpečnostných a zdravotných rizík, vznikajúcich pri práci zamestnancov u zamestnávateľov. Ilustratívne preberanie niektorých metód zisťovania nebezpečenstiev a z nich vyplývajúcich rizík, ako aj vyhodnocovania identifikovaných rizík pri práci. 
610 2 0 |a riadenie 
610 2 0 |a riadenie rizík 
610 2 0 |a bezpečnosť práce 
610 2 0 |a ochrana práce 
610 2 0 |a ochrana pracovníkov 
610 2 0 |a ochrana zdravia 
610 2 0 |a zamestnávatelia 
610 2 0 |a právo 
610 2 0 |a legislatíva 
610 2 0 |a zákony 
100 1 |a Farárik, Pavol